Matematická analýza III

Bibliographic Details
Main Authors: Barnovská, Mária (Author), Smítalová, Kristína, 1943- (Author)
Format: Book
Language:Slovak
PhysicalDescription:116 strán 30 cm
Published: Bratislava Univerzita Komenského 1983
Edition:1. vyd.
Series:Vysokoškolské skriptá
Subjects:

MARC

LEADER 00000cam a2200000 a 4500
001 vtls001090969
003 SK-MaSNL
005 20260301055607.0
008 240513s1983 xo frnp 00000 slo
015 |a SNBA1983/05 
020 |q (brožované) 
035 |a SNK000033811 
040 |a SNK  |b slo  |c SNK  |e AACR2 
041 0 |a slo 
044 |a xo  |c SK 
080 |a 517(075.8)  |2 1981 
100 1 |a Barnovská, Mária  |4 aut  |9 277295 
245 1 0 |a Matematická analýza III  |c Mária Barnovská, Kristína Smítalová 
250 |a 1. vyd. 
260 |a Bratislava  |b Univerzita Komenského  |c 1983 
300 |a 116 strán  |c 30 cm 
366 |e 390 kusov 
490 1 |a Vysokoškolské skriptá 
504 |a Obsahuje bibliografiu 
650 0 7 |a matematická analýza  |2 SNKPH  |9 1102 
650 0 7 |a nevlastné integrály  |2 SNKPH  |9 369471 
650 0 7 |a Fourierove rady  |2 SNKPH  |9 50105 
650 0 7 |a matematika  |2 SNKPH  |9 70174 
650 0 7 |a metrické priestory  |2 SNKPH  |9 50097 
655 7 |a učebnice vysokých škôl  |2 SNKPH  |9 70191 
700 1 |a Smítalová, Kristína,  |d 1943-  |4 aut  |9 7564 
830 0 |a Vysokoškolské skriptá  |9 276440 
852 |a Slovenská národná knižnica 
954 |a odborná, vedecká literatúra pôvodná (slovenská)  |2 lita 
954 |a odborná, vedecká literatúra cudzojazyčná (svetová)  |2 lita 
958 |a RK 
958 |a TL 
958 |a NB 
958 |a OND 
958 |a UV 
999 |c 613713  |d 615643 
952 |a SNK  |b SNK  |y PREZ  |7 0  |p 17A0782307  |o snkSB 35372/3  |0 0  |1 0  |4 0  |d 2012-03-14  |f 1  |l 0  |r 2025-04-11 00:00:00  |w 2026-02-23 
952 |t P60, <04>, [BOOK], {604}  |a SNK  |b SNK  |y VYP  |7 0  |p 17A0018538  |o snkSB 35372/3 D1  |0 0  |1 0  |4 0  |d 1996-11-16  |l 0  |r 2004-12-31 00:00:00  |w 2026-02-23